000 00843nam a2200229 i 4500
001 171296
003 ES-MaACL
005 20251003164447.0
008 090508s1966 sp |||| | spa d
017 _aM 18259-1966
100 0 _aMullor García, Justo.
_984159
245 1 0 _aLa nueva cristiandad
_b: apuntes para una teología de nuestro tiempo /
_cpor Justo Mullor García ; prólogo de Casimiro Morcillo González.
260 _aMadrid :
_b[La Editorial Católica],
_c1966.
300 _aXXIII, 327 p. ;
_c20 cm.
490 1 _aBiblioteca de autores cristianos ;
_v260
700 1 _aMorcillo, Casimiro,
_d1904-1971
_983188
830 0 0 _aBiblioteca de autores cristianos
_v260
_9178679
852 _aES-MaACL
_jJ-255
_9177931
_cDEPO2
852 _aES-MaACL
_jC-31318
_bR.61834
_9113692
_cDEPO2
942 _2udc
999 _c171296
_d171296